Một số tính chất của phủ suy dẫn từ họ phủ tập thô = Some properties of induced cover from family of covering rough sets /

保存先:
書誌詳細
第一著者: Nguyễn Đức Thuần.
フォーマット: 論文
言語:Vietnamese
主題:
タグ: タグ追加
タグなし, このレコードへの初めてのタグを付けませんか!
Thư viện lưu trữ: Thư viện Trường Đại học Đà Lạt
LEADER 00910nam a2200277 4500
001 DLU180183077
005 ##2018015
040 # # |a DLU  |b vie 
041 # # |a vie 
044 # # |a vn 
100 # # |a Nguyễn Đức Thuần. 
245 # # |a Một số tính chất của phủ suy dẫn từ họ phủ tập thô =  |b Some properties of induced cover from family of covering rough sets /  |c Nguyễn Đức Thuần. 
653 # # |a Đặc trưng tri thức 
653 # # |a Họ phủ tập thô 
653 # # |a Phủ suy dẫn 
653 # # |a Tập thô 
773 # # |t Tạp chí Khoa học Đại học Đà Lạt  |g Số 2, 2017, tr. 276-286 
920 # # |a Phòng Tạp chí -- Trung tâm Thông tin - Thư viện Trường Đại học Đà Lạt 
994 # # |a DLU 
900 # # |a True 
911 # # |a Hoàng Thị Huyền 
925 # # |a G 
926 # # |a A 
927 # # |a BB 
980 # # |a Thư viện Trường Đại học Đà Lạt